=LDR 00000nam 2200000 4500 =001 INLIS000000000028777 =005 20130612131047 =008 ***********************************Ind** =035 ##$$0010-061300000028777 =041 ##$$a Ind =082 ##$$a 028.5 =090 ##$$a 028.5, Kuw j =100 ##$$a Kowase, Tamami =245 ##$$a Jangkrik minyak, Tamami Kowase =260 ##$$a 1986 $b Jakarta =300 ##$$a 28 hlm, ilus, 21 cm =650 ##$$a Bacaan anak-anak =850 ##$$a NBPNMAT